000 00497nam a2200181Ia 4500
003 GCL
008 140319s9999 xx 000 0 eng d
040 _aGCL /
_cGCL
082 0 4 _a421.5
_bR E
100 1 _aROACH, PETER
245 1 0 _aENGLISH PHONETICS AND PHONALOGY: A PRACTICAL COURSE /
_cROACH, PETER
260 _a[S.N] :
_bCAMBRIBGE UNIVERSITY PRESS ،
_c1991
300 _a262 P
650 0 4 _aENGLISH LANGUAGE
650 0 4 _aPHOTOGRAPHY
650 0 4 _aENGLISH PHONETICS
942 _2ddc
_cBK
999 _c15743
_d15743